| 000 | 00599nai a22001937a 4500 | ||
|---|---|---|---|
| 003 | OSt | ||
| 005 | 20170601183119.0 | ||
| 008 | 170321b xxu||||| |||| 00| 0 eng d | ||
| 022 | _a07977-888X | ||
| 040 |
_aBMC _cBMC |
||
| 082 | _a338.1 | ||
| 245 | 0 | 0 |
_aBiodiversidad, sustento y culturas _b: septiembre |
| 260 |
_aBarcelona _bREDES-AT _bGRAIN _c1997 |
||
| 300 |
_a38 p. _c28 cm |
||
| 490 |
_aRedes, amigos de la tierra _v12-13 |
||
| 505 | _aContiene: La soja transgénica de Monsanto.- Agricultura sostenible de autoconsumo en Cuba.- | ||
| 650 | 2 | 4 |
_96390 _aAgricultura integrada |
| 942 |
_2ddc _cPR |
||
| 999 |
_c27354 _d27354 |
||